IMPLEMENTING PERFORMANCE MANAGEMENT SYSTEM AT PACKAGES LIMITED (Record no. 351190)

000 -LEADER
fixed length control field 00711nam a22001937a 4500
003 - CONTROL NUMBER IDENTIFIER
control field OSt
005 - DATE AND TIME OF LATEST TRANSACTION
control field 20260216105402.0
008 - FIXED-LENGTH DATA ELEMENTS--GENERAL INFORMATION
fixed length control field 160222b xxu||||| |||| 00| 0 eng d
040 ## - CATALOGING SOURCE
Transcribing agency Lahore University of Management Sciences
082 ## - DEWEY DECIMAL CLASSIFICATION NUMBER
Classification number 174.4 LUM 9982
100 ## - MAIN ENTRY--PERSONAL NAME
Personal name Anwar Khurshid
9 (RLIN) 35681
245 ## - TITLE STATEMENT
Title IMPLEMENTING PERFORMANCE MANAGEMENT SYSTEM AT PACKAGES LIMITED
260 ## - PUBLICATION, DISTRIBUTION, ETC.
Place of publication, distribution, etc. Lahore
Name of publisher, distributor, etc. Lahore University of Management Sciences
Date of publication, distribution, etc. 2008
300 ## - PHYSICAL DESCRIPTION
Extent 35 p.
Other physical details Papers
440 ## - SERIES STATEMENT/ADDED ENTRY--TITLE
Title IMPLEMENTING PERFORMANCE MANAGEMENT SYSTEM AT PACKAGES LIMITED
9 (RLIN) 133218
590 ## - LOCAL NOTE (RLIN)
Linkage (RLIN) http://10.250.8.41:8080/xmlui/handle/123456789/56777
856 ## - ELECTRONIC LOCATION AND ACCESS
Uniform Resource Identifier <a href="http://10.250.8.41:8080/xmlui/handle/123456789/56777">http://10.250.8.41:8080/xmlui/handle/123456789/56777</a>
942 ## - ADDED ENTRY ELEMENTS (KOHA)
Source of classification or shelving scheme
Koha item type Case Studies
Holdings
Withdrawn status Lost status Source of classification or shelving scheme Damaged status Not for loan Collection code Permanent Location Current Location Shelving location Date acquired Total Checkouts Full call number Barcode Date last seen Date last checked out Price effective from Koha item type
            Central Library (CL) Central Library (CL) Reference 02/22/2016 1 174.4 LUM 9982 NBS9982 03/24/2016 02/25/2016 02/22/2016 Case Studies
© 2023 Central Library, National University of Sciences and Technology. All Rights Reserved.